[Event "Hessen-ch Seniors op 01st"]
[Site "Bad Sooden-Allendorf"]
[Date "2005.04.27"]
[Round "6"]
[White "Kuhlmann, Guenter"]
[Black "Rollwitz, Inge"]
[Result "1/2-1/2"]
[WhiteElo "1365"]
[BlackElo "1339"]
[PlyCount "156"]
[EventDate "2005.04.22"]
[EventType "swiss"]
[EventRounds "9"]
[EventCountry "GER"]
[SourceTitle "EXT 2007"]
[Source "ChessBase"]
[SourceDate "2006.11.23"]
[SourceVersion "1"]
[SourceVersionDate "2006.11.23"]
[SourceQuality "1"]

1. e4 d6 2. c3 Nf6 3. d3 g6 4. Bg5 Bg7 5. h3 c5 6. Nf3 Nbd7 7. Na3 a6 8. Nc2 0-0 9. Qe2 h6 10. Bf4 Nh5 11. Bd2 Nhf6 12. d4 cxd4 13. cxd4 e5 14. dxe5 dxe5 15. Bc3 Re8 16. Rd1 Qc7 17. Qe3 b6 18. Nb4 a5 19. Nd5 Nxd5 20. exd5 Qd6 21. Bb5 Bb7 22. 0-0 Rad8 23. Rfe1 f6 24. Bc4 Kh7 25. Nh2 Re7 26. f3 Rc8 27. Bb3 Nc5 28. Bc2 Bxd5 29. Be4 Nxe4 30. fxe4 Rc5 31. exd5 Rxd5 32. Rxd5 Qxd5 33. Qxb6 Rb7 34. Qxa5 Qd3 35. Ng4 Qc2 36. Ne3 Qd3 37. Qa8 Rd7 38. Qc6 Rd6 39. Qc8 h5 40. Qc7 Rd7 41. Qc6 Rd6 42. Qc4 e4 43. Kf2 Bh6 44. Qxd3 Rxd3 45. Nc4 f5 46. b4 Rxc3 47. Nd6 e3+ 48. Kf1 Rc2 49. Re2 Rc1+ 50. Re1 Rc2 51. Re2 Rc1+ 52. Re1 e2+ 53. Kf2 Rc2 54. Rxe2 Rxe2+ 55. Kxe2 Bc1 56. a4 Ba3 57. a5 Bxb4 58. a6 Bc5 59. Nb5 f4 60. a7 Bxa7 61. Nxa7 g5 62. Nc6 Kg7 63. Kf3 Kf6 64. Ke4 h4 65. Ne5 Ke6 66. Ng4 Kd6 67. Kf5 Kd5 68. Nf6+ Kd4 69. Kxg5 Ke3 70. Ng4+ Ke4 71. Kxh4 Kf5 72. Nh6+ Ke4 73. Kg4 Ke3 74. Nf5+ Ke4 75. h4 Ke5 76. Kg5 Ke4 77. Kg4 Ke5 78. Kg5 Ke4 1/2-1/2